[Event "Quebec op U2000"]
[Site "Montreal"]
[Date "2012.07.25"]
[Round "6"]
[White "Isaev, Nikolay"]
[Black "Chevalier, Francois"]
[Result "0-1"]
[WhiteElo "1697"]
[BlackElo "1808"]
[PlyCount "152"]
[EventDate "2012.07.21"]
[EventType "swiss"]
[EventRounds "9"]
[EventCountry "CAN"]
[SourceTitle "EXT 2022"]
[Source "ChessBase"]
[SourceDate "2021.10.06"]
[SourceVersion "1"]
[SourceVersionDate "2021.10.06"]
[SourceQuality "1"]

1. e4 c5 2. Nf3 e6 3. d4 cxd4 4. Nxd4 a6 5. Nc3 Qc7 6. Be3 Nf6 7. f3 Bb4 8. Qd2 d5 9. Bd3 dxe4 10. Bxe4 Nxe4 11. fxe4 Bxc3 12. bxc3 Nd7 13. 0-0 0-0 14. Rf3 Ne5 15. Rg3 Nc4 16. Qe2 Nxe3 17. Qxe3 f6 18. Rf1 e5 19. Nf5 Bxf5 20. Rxf5 Rac8 21. Kh1 Kh8 22. Rf1 Rfd8 23. Rb1 Qc5 24. Qxc5 Rxc5 25. Kg1 b5 26. Kf1 h6 27. Ke2 Rc4 28. Re3 Kh7 29. a3 Rdc8 30. Kd2 R8c6 31. Rb4 R6c5 32. Rb3 g5 33. g4 Kg6 34. h3 h5 35. Ke2 hxg4 36. hxg4 Rc8 37. Kd2 Rh8 38. Rb4 Rhc8 39. Rb3 Ra4 40. Kd3 Rcc4 41. Rb4 Kf7 42. Rh3 Kg7 43. Rh2 a5 44. Rxb5 Rxe4 45. Rxa5 Rxg4 46. Rxa4 Rxa4 47. c4 Rxa3+ 48. Ke4 Ra5 49. Rd2 Rc5 50. Rd7+ Kf8 51. Kf5 Rc6 52. c3 Ke8 53. Rd5 Ke7 54. c5 Ra6 55. c4 Rc6 56. Ke4 Ke6 57. Kd3 f5 58. Kc3 f4 59. Kb4 f3 60. Kb5 Rc8 61. c6 g4 62. Kb6 g3 63. c7 f2 64. Kb7 Rxc7+ 65. Kxc7 f1Q 66. Rd6+ Kf5 67. Rc6 g2 68. c5 g1Q 69. Kb7 Qgg2 70. Kc7 Qxc6+ 71. Kxc6 Qc4 72. Kb6 e4 73. c6 e3 74. c7 Qxc7+ 75. Kxc7 e2 76. Kb8 e1Q 0-1

[Event "Quebec-ch A U20 Pepsico"]
[Site "Montreal"]
[Date "2012.02.12"]
[Round "4"]
[White "Isaev, Nikolay"]
[Black "Chang, Michael"]
[Result "1/2-1/2"]
[WhiteElo "1680"]
[BlackElo "1806"]
[PlyCount "65"]
[EventDate "2012.02.10"]
[EventType "swiss"]
[EventRounds "5"]
[EventCountry "CAN"]
[SourceTitle "EXT 2022"]
[Source "ChessBase"]
[SourceDate "2021.10.06"]
[SourceVersion "1"]
[SourceVersionDate "2021.10.06"]
[SourceQuality "1"]

1. d4 Nf6 2. Nc3 d5 3. Bg5 c6 4. e3 Bf5 5. f4 e6 6. Nf3 Bb4 7. Bd3 Bg4 8. 0-0 Nbd7 9. h3 Bxf3 10. Qxf3 Qb6 11. Ne2 Be7 12. a4 c5 13. a5 Qc6 14. c3 h6 15. Bxf6 Nxf6 16. dxc5 Bxc5 17. b4 Be7 18. b5 Qc5 19. c4 0-0 20. Rfc1 Rac8 21. a6 b6 22. Nd4 dxc4 23. Nc6 Rxc6 24. bxc6 c3 25. Ra4 Nd5 26. Rc4 Qxe3+ 27. Qxe3 Nxe3 28. R4xc3 Nd5 29. Rc4 Bc5+ 30. Rxc5 bxc5 31. g3 Rc8 32. Rxc5 Kf8 33. Rb5 1/2-1/2

[Event "Quebec-ch A U20 Pepsico"]
[Site "Montreal"]
[Date "2012.02.10"]
[Round "1"]
[White "Chiku Ratte, Olivier Kenta"]
[Black "Isaev, Nikolay"]
[Result "1/2-1/2"]
[WhiteElo "2122"]
[BlackElo "1680"]
[PlyCount "102"]
[EventDate "2012.02.10"]
[EventType "swiss"]
[EventRounds "5"]
[EventCountry "CAN"]
[SourceTitle "EXT 2022"]
[Source "ChessBase"]
[SourceDate "2021.10.06"]
[SourceVersion "1"]
[SourceVersionDate "2021.10.06"]
[SourceQuality "1"]

1. d4 Nf6 2. c4 c5 3. d5 e6 4. Nc3 exd5 5. cxd5 d6 6. e4 g6 7. f4 Bg7 8. Nf3 0-0 9. Be2 a6 10. a4 Nh5 11. 0-0 Bg4 12. Be3 Re8 13. Qc2 Nd7 14. h3 Bxf3 15. Bxf3 Ng3 16. Rfe1 Bd4 17. Kh2 Bxe3 18. Rxe3 Nf5 19. Ree1 Nd4 20. Qd3 Rc8 21. Rad1 Qf6 22. Qd2 Nb6 23. Bg4 Rc7 24. e5 dxe5 25. fxe5 Rxe5 26. Ne4 Rxe4 27. Rxe4 Qd6+ 28. Qf4 Qxf4+ 29. Rxf4 Nxd5 30. Rf2 Ne3 31. Re1 Re7 32. Kg1 Kf8 33. Bf3 b5 34. axb5 axb5 35. Ra1 Nxf3+ 36. Rxf3 Nc4 37. Rf2 Kg7 38. Rc1 Re5 39. Rfc2 Re3 40. Rc3 Re2 41. b3 Ne3 42. Rxc5 Rxg2+ 43. Kh1 Rb2 44. Rxb5 f5 45. Rb7+ Kh6 46. h4 f4 47. Rf7 Rxb3 48. Rxf4 Nf5 49. Rc6 Kh5 50. Rc5 Rh3+ 51. Kg2 Rxh4 1/2-1/2